Types of fish - Statistics

General Stats
  • This quiz has been taken 53 times
    47 since last reset
  • The average score is 8 of 43
Answer Stats
Hint Answer % Correct
2 Salmon
56%
1 Tuna
54%
16 Cat fish
51%
32 Clown fish
39%
5 Sword fish
37%
20 Barracuda
34%
3 Cod
34%
21 Puffer fish
34%
13 Gold fish
29%
43 Grouper
29%
10 Large mouth bass
24%
9 Small mouth bass
24%
27 Angler fish
22%
34 Sea horse
22%
4 Great white shark
20%
33 Pike
20%
37 Piranha
20%
24 Hammer head shark
15%
7 Lion fish
15%
40 Red snapper
15%
22 Sardines
15%
15 Whale shark
15%
31 Blue tang
12%
38 Parrot fish
12%
18 Sail fish
12%
12 Tiger shark
12%
17 Blue marlin
10%
42 Flying fish
10%
11 Sea bass
10%
39 Bull shark
7%
14 Koi
7%
23 Lemon shark
7%
36 Yellow tang
7%
41 Leopard shark
5%
28 Black tip reef shark
2%
29 Caribbean reef shark
2%
25 Goblin shark
2%
35 Horse mackerel
2%
6 Lung fish
2%
19 Saw fish
2%
26 White tip reef shark
2%
30 Zebra shark
2%
8 Zebra turkey fish
2%
No matching quizzes found
Score Distribution
Percent of People with Each Score
Percentile by Number Answered
Your Score History
You have not taken this quiz since the last reset